Sanat - "Murheellisten Laulujen Maa" - Eppu Normaali - Statistics

Yleistilastot
  • Tätä visaa on pelattu 819 kertaa
  • Keskiarvotulos 90 / 145
Vastaustilastot
Sanat % Oikein
maa
97%
ja
94%
Ja
94%
jo
94%
juo
90%
hän
86%
jos
86%
Syyttömänä
85%
syntymään
84%
ei
83%
Ei
83%
sattui
83%
viina,
82%
esi-isät
81%
Jossa
81%
kiinni
81%
kirves
81%
saa
81%
Kylmä
80%
Tähän
80%
maahan
79%
ne
79%
perhe
79%
kylmään
78%
Lumihanki
78%
Lumihanki,
78%
murheellisten
78%
En
77%
en
77%
laulujen
77%
pohjoiseen
77%
sai
76%
lapset,
75%
koskaan
74%
kutsuu
73%
Hakkasivat
72%
perhettä
72%
vaimot,
72%
viinaa
72%
kohtalon
71%
talvisin
71%
Enkä
70%
kun
70%
Kun
70%
kirvestä
69%
osta
68%
tuhansien
68%
juon
67%
Muuten
66%
tuo
66%
erhe
65%
poika
65%
talon
65%
työtä
65%
miehen
64%
Tämä
64%
viimeinen
64%
välttää
63%
Halus
62%
lailla
62%
väkijuomaa
62%
poliisi
61%
henkiin
60%
juottaa
60%
taas
60%
työnvälityksestä
60%
Vaan
60%
herää
59%
isin
59%
Mut
59%
Perinteisen
59%
järviin
58%
juosta
58%
koura
58%
tuhansiin
58%
Tommi
57%
jonka
56%
Jonka
56%
tehdä
56%
Turmiolan
56%
määrää
55%
viinakauppaa
55%
Katajainen
54%
Kohti
54%
renkiin
54%
tahdo
54%
kansa,
53%
herrojen
52%
tarttuvat
52%
eikä
51%
itsesäälin
51%
järki
51%
laukkaa,
51%
Työttömyys,
51%
elkeet
48%
mittaa
48%
Se
48%
kohoaa
47%
Kärki
46%
pysyvät
46%
portit
45%
Niin
44%
Einari
43%
elämän
43%
Isät
43%
taivaan
43%
valttikortit
43%
epätoivoon
42%
Epätoivosta
42%
Hälle
42%
Juovuksissa tottakai
42%
katsovat
42%
kertovat
42%
korjaa
42%
poikiaan
42%
viljaa
42%
ajaa
41%
Keskeltä
41%
maan
41%
ylpeinä
41%
halla
40%
Mullasta
40%
hukkuvat
37%
silmä
37%
tuijottaa
36%
kumpujen
35%
lauluissa
35%
kylmän
33%
hiljaa
31%
Joka
31%
mullan
29%
Ehtoja vastaavia visoja ei löytynyt
Tulosjakauma
Jokaisen tuloksen saaneiden osuus
Persentiili vastausten määrän mukaan
Tuloshistoriasi
Et ole pelannut tätä visaa